000 00545nam a2200133Ia 4500
005 20260209120150.0
008 260209s9999||||xx |||||||||||||| ||und||
100 _aRa Arun Keerthi
245 0 _aBridging the gaps : addressing the loopholes in India’s unpublished price sensitive information (UPSI) framework.
260 _aBangaloreBangalore
_bNLSIU, Bangalore
_c2023 - 2024
300 _a40 p. ; 25 cm.
700 _aDr. Neeraj Grover - Supervisor Dr. Neeraj Grover - Supervisor
856 _uhttps://dans.nls.ac.in/handle/123456789/2121
999 _c217700
_d217700